Personnages de Bojack Horseman par images - Statistiques

Statistiques générales
  • Ce quiz a été pris 307 fois
  • Le résultat moyen est 8 sur 16
Statistiques - réponses
Par images Réponse % Correct
Bojack Horseman
98%
Princess Carolyn
93%
Mr. Peanutbutter
71%
Sarah Lynn
69%
Diane Nguyen
68%
Todd Chavez
58%
Secretariat
57%
Judah Mannowdog
55%
Beatrice Horseman
50%
Margo Martindale
39%
Pickles Aplenty
37%
Guy
27%
Herb Kazzaz
26%
Vincent Adultman
23%
Lenny Turtletaub
18%
Hollyhock Manheim-Mannheim-Guerrero-Robinson-Zilberschlag-Hsung-Fonzerelli-McQuack
10%
Aucun quiz correspondant
Distribution des résultats
% des personnes avec chaque résultat
Percentile par nombre de réponses
Votre historique - résultats
Vous n’avez pas pris ce quiz